Aggression and violence: challenges for social well-being:report (Record no. 10456)
[ view plain ]
| 000 -LEADER | |
|---|---|
| fixed length control field | 00660nam a2200181Ia 4500 |
| 082 ## - DEWEY DECIMAL CLASSIFICATION NUMBER | |
| Classification number | 303.6 NAT-A |
| 245 #0 - TITLE STATEMENT | |
| Title | Aggression and violence: challenges for social well-being:report |
| 300 ## - PHYSICAL DESCRIPTION | |
| Number of Pages | 72 |
| 500 ## - GENERAL NOTE | |
| General note | contents: Sponsored by Indian Council of Social Science Research, New Delhi |
| 650 ## - SUBJECT ADDED ENTRY--TOPICAL TERM | |
| Topical Term | Social stratification |
| Form subdivision | Congresses |
| 650 ## - SUBJECT ADDED ENTRY--TOPICAL TERM | |
| Topical Term | Violence |
| Form subdivision | Congresses |
| 650 ## - SUBJECT ADDED ENTRY--TOPICAL TERM | |
| Topical Term | Civil disobedience |
| Form subdivision | Congresses |
| 650 ## - SUBJECT ADDED ENTRY--TOPICAL TERM | |
| Topical Term | Terrorism |
| Form subdivision | Congresses |
| 700 ## - ADDED ENTRY--PERSONAL NAME | |
| Personal name | Jamia Millia Islamia |
| 700 ## - ADDED ENTRY--PERSONAL NAME | |
| Personal name | Indian Council of Social Science Research |
| 710 ## - ADDED ENTRY--CORPORATE NAME | |
| Corporate name or jurisdiction name as entry element | National Seminar on Aggression and Violence: Challenges for Social Well-Being |
| 942 ## - ADDED ENTRY ELEMENTS (KOHA) | |
| Koha item type | Books |
| Source of classification or shelving scheme | Dewey Decimal Classification |
| Withdrawn status | Lost status | Damaged status | Not for loan | Home library | Current library | Date acquired | Source of acquisition | Bill Date | Full call number | Accession Number | Price effective from | Koha item type |
|---|---|---|---|---|---|---|---|---|---|---|---|---|
| NASSDOC Library | NASSDOC Library | 09/06/2011 | Gifted by : IC Division | 2011-05-02 | 303.6 NAT-A | 47315 | 18/04/2019 | Books |
